zpět

Detail výsledku týmu

Limbo, Brno

Datum a čas kvízu

23 Celkem bodů Celkový počet nahraných bodů na tomto kvízu bez doplňovacích otázek.
6. Pořadí na kvízu Konečné umístění týmu na tomto kvízu.

Zaznamenané odpovědi

# Otázka Odpověď Body Výsledky
1. Nedaleko Kostelce nad Orlicí n... 0
2. Ruský prezident Vladimir Putin... 0
3. Výtvarnice Kateřina Milerová n... 0
4. Čínské firmy hodlají vzít útok... 0
5. V sobotu v jedné zahraniční li... 0
6. Míváte občas strach, když proc... 1
7. Navážeme ještě na předchozí ot... 1
8. Bermudský trojúhelník má nedob... 0
9. Dálnice D1 dokáže řidičům také... 0
10. Na fotce vidíme ostrov Bikini,... 1